000
00264nam a2200121 4500
999
_c
8242
_d
8242
003
OSt
005
20201007120936.0
008
201007b ||||| |||| 00| 0 eng d
020
_a
709.59
082
_a
709.59
_b
RAW
245
_a
The art of southeast asia
942
_2
ddc